Crónica de una muerte anunciada / (Record no. 149110)

MARC details
000 -CABECERA
campo de control de longitud fija 00564nam a2200193 u 4500
005 - FECHA Y HORA DE LA ÚLTIMA TRANSACCIÓN
campo de control 20230921063700.0
008 - ELEMENTOS DE LONGITUD FIJA--INFORMACIÓN GENERAL
campo de control de longitud fija 010329s1981 cl r 000 0 spa d
020 ## - NÚMERO INTERNACIONAL NORMALIZADO PARA LIBROS
Número Internacional Estándar del Libro 9580600120
035 ## - NÚMERO DE CONTROL DEL SISTEMA
Número de control de sistema UPN01000177007
049 ## - COLECCIÓN
Colección CG
050 #4 - SIGNATURA TOPOGRÁFICA DE LA BIBLIOTECA DEL CONGRESO
Número de clasificación PQ8179 G6.7
Número de documento/Ítem C6.76a
100 1# - ASIENTO PRINCIPAL--NOMBRE PERSONAL
Nombre de persona García Márquez, Gabriel,
Fechas asociadas al nombre 1928-2014
245 10 - MENCIÓN DE TÍTULO
Título Crónica de una muerte anunciada /
Mención de responsabilidad, etc. Gabrie García Márquez.
260 ## - PUBLICACIÓN, DISTRIBUCIÓN, ETC.
Lugar de publicación, distribución, etc. Bogotá :
Nombre del editor, distribuidor, etc. La Oveja Negra,
Fecha de publicación, distribución, etc. 1981.
300 ## - DESCRIPCIÓN FÍSICA
Extensión 122 p.
650 #0 - ASIENTO SECUNDARIO DE MATERIA - TERMINO TEMATICO
Término de materia o nombre geográfico como elemento de entrada Novela colombiana
9 (RLIN) 5359
650 #4 - ASIENTO SECUNDARIO DE MATERIA - TERMINO TEMATICO
Término de materia o nombre geográfico como elemento de entrada Literatura colombiana
9 (RLIN) 12879
905 ## - TIPO DE MATERIAL
Tipo de material Libro
Holdings
Estado de retiro Estado de pérdida Fuente del sistema de clasificación o colocación Estado dañado No para préstamo Código de colección Localización permanente Ubicación/localización actual Ubicación en estantería Fecha de adquisición Total de préstamos Renovaciones totales Clasificación Código de barras Fecha visto por última vez Fecha del último préstamo Número de copia Tipo de ítem Koha
    Library of Congress Classification     Colección General Bib. Gregorio Torres Quintero Bib. Gregorio Torres Quintero Planta baja 31/03/2023 33 1 PQ8179 G6.7 C6.76a 200461 29/10/2024 26/09/2024 1 Libro